Varieties of European Economic Law and Regulation : liber amicorum for Hans Micklitz /

Estudio en homenaje a Hans Micklitz (1949), jurista alemán y especialista en derecho económico, que reúne la reciente producción del derecho privado sobre la regulación económica en Europea y en especial en países de la Unión Europea, como el derecho de la competencia, la propiedad intelectual, la s...

Fuld beskrivelse

Guardado en:
Bibliografiske detaljer
Hovedforfatter: Purnhagen, Kai (edición)
Andre forfattere: Rott, Peter (edición) (edición)
Format: Bog
Sprog:engelsk
Udgivet: Cham, Suiza : Springer, 2014, c2014
Serier:(Studies in European Economic Law and Regulation ; 3)
Fag:
Online adgang:Ver documento en línea
Tags: Tilføj Tag
Ingen Tags, Vær først til at tagge denne postø!

MARC

LEADER 00000nam^a2200000^a^4500
001 000423192
005 20251023000000.0
009 20260526144415.576
020 |a 978-3-319-04903-8 
037 |a Acervo ITESO - Biblioteca 
041 |a ING 
082 |a 346. 4007  |b PUR 
100 |a Purnhagen, Kai  |e (edición) 
245 1 0 |a Varieties of European Economic Law and Regulation :  |b liber amicorum for Hans Micklitz /  |c Ed. de K. Purnhagen, P. Rott. 
264 4 |a Cham, Suiza :  |b Springer,  |c 2014, c2014 
264 2 |a Cham, Suiza :  |b Springer Link [distribución],  |c 2014 
300 |a 1 libro electrónico en línea (XVII, 892 p.) 
300 |a 1 recurso en línea 
336 |a datos para computadora  |b cod  |2 rdacontenido 
337 |a computadora  |b c  |2 rdamedio 
338 |a recurso en línea  |b cr  |2 rdasoporte 
440 1 |a (Studies in European Economic Law and Regulation ;  |v 3) 
506 0 |a Licencias ilimitadas 
520 |a Estudio en homenaje a Hans Micklitz (1949), jurista alemán y especialista en derecho económico, que reúne la reciente producción del derecho privado sobre la regulación económica en Europea y en especial en países de la Unión Europea, como el derecho de la competencia, la propiedad intelectual, la seguridad del producto y la protección del consumidor. 
649 |a XX 
650 |a Negociación y Mediación -  |z Europa 
650 |a Contratos -  |z Europa 
650 |a Protección del Consumidor -  |z Europa 
650 |a Comercio Interior -  |z Europa -  |x Aspectos Jurídicos 
650 |a Regulación Económica -  |z Europa -  |x Tema Principal 
650 |a Competencia (Economía) -  |z Europa -  |x Aspectos Jurídicos 
650 |a Propiedad Intelectual -  |z Europa 
650 |a Derecho de Propiedad -  |z Unión Europea 
650 |a Derecho de Propiedad -  |z Europa 
650 |a Derecho Mercantil -  |z Unión Europea 
650 |a Derecho Mercantil -  |z Europa -  |x Tema Principal 
650 |a Derecho Económico -  |z Unión Europea 
650 |a Derecho Económico -  |z Europa -  |x Tema Principal 
650 |a Derecho Privado -  |z Unión Europea 
650 |a Derecho Privado -  |z Europa 
700 |a Rott, Peter  |e (edición) 
856 4 0 |u https://link-springer-com.ezproxy.iteso.mx/10.1007/978-3-319-04903-8  |y Ver documento en línea 
910 |a Fondo General 
920 |a Electrónicos - Libros en Línea 
930 |a Plataforma Digital 
905 |a 205 
901 |a 423192-1  |b IT2  |c EBO  |i C172346  |u 20250521 
902 |a https://opac.biblio.iteso.mx/vufind/Record/000423192